LEADER 01142nam--2200373---450- 001 990002164830203316 005 20090506140719.0 035 $a000216483 035 $aUSA01000216483 035 $a(ALEPH)000216483USA01 035 $a000216483 100 $a20041111d1980----||ita|0103 ba 101 $aita 102 $aIT 105 $a|||| ||||| 200 1 $aFilosofie e società$fMario Vegetti, Franco Alessio, Fulvio Papi 210 $aBologna$cZanichelli$d1980 215 $a3 v.$d24 cm 606 $aFilosofia$xStoria 676 $a109 700 1$aVEGETTI,$bMario$040815 701 1$aPAPI,$bFulvio$053386 701 1$aALESSIO,$bFranco$0159597 801 0$aIT$bUNFI$c19980928 912 $a990002164830203316 951 $aII.7. 15/1 (ISP III 317/I)$b60211 E.C.$cISP III$d00191176 951 $aII.7. 15/2 (ISP III 317/II)$b60212 E.C.$cISP III$d00191177 951 $aII.7. 15/3 (ISP III 317/III)$b60213 E.C.$cISP III$d00191178 959 $aBK 969 $aECO 979 $aSIAV6$b10$c20041111$lUSA01$h1853 979 $aRSIAV1$b90$c20090506$lUSA01$h1407 996 $aFilosofie e società$9877847 997 $aUNISA